Normal view
MARC view
- النزاع العربي الاسرائيلي - القدس - الاماكن المقدسة - تاريخ فلسطين
Entry Topical Term
001 - CONTROL NUMBER
- control field: 58522
003 - CONTROL NUMBER IDENTIFIER
- control field: JO-AjAnu
005 - DATE AND TIME OF LATEST TRANSACTION
- control field: 20230606083557.0
008 - FIXED-LENGTH DATA ELEMENTS
- fixed length control field: 230606|| aca||aabn | a|a d
040 ## - CATALOGING SOURCE
- Original cataloging agency: JO-AjAnu
- Transcribing agency: JO-AjAnu
150 ## - HEADING--TOPICAL TERM
- Topical term or geographic name entry element: النزاع العربي الاسرائيلي - القدس - الاماكن المقدسة - تاريخ فلسطين
670 ## - SOURCE DATA FOUND
- Source citation: Work cat.: (JO-AjAnu)29852: تاليف المومني، محمد علي العكاشة؛ تقديم عبد الرحيم مراشدة؛ تحرير علي احمد العبدي, author 58521, الوجيز في تاريخ القدس